Contribución al estudio de la interacción de vermiculita con soluciones acuosas de aminoácidos / (Record no. 175170)

MARC details
000 -LEADER
campo de control de longitud fija 00936nam a22002415i 4500
001 - NÚMERO DE CONTROL
campo de control 175170
003 - IDENTIFICADOR DE NÚMERO DE CONTROL
campo de control ES-MaACL
005 - FECHA Y HORA DE LA ÚLTIMA TRANSACCIÓN
campo de control 20250815103935.0
008 - DATOS DE LONGITUD FIJA--INFORMACIÓN GENERAL
campo de control de longitud fija 101011s1973 sp |||| | spa d
020 ## - NÚMERO INTERNACIONAL ESTÁNDAR DEL LIBRO
Número Internacional Estándar del Libro 84-00-03802-9
080 ## - NÚMERO DE LA CLASIFICACIÓN DECIMAL UNIVERSAL
Número de la Clasificación Decimal Universal 549.623.5
100 1# - ENTRADA PRINCIPAL--NOMBRE DE PERSONA
Nombre de persona Rausell Colom, J. A.
9 (RLIN) 143543
245 10 - MENCIÓN DEL TÍTULO
Título Contribución al estudio de la interacción de vermiculita con soluciones acuosas de aminoácidos /
Mención de responsabilidad, etc. J. A. Rausell Colom y P. Salvador Salvador.
260 ## - PUBLICACIÓN, DISTRIBUCIÓN, ETC.
Lugar de publicación, distribución, etc. Madrid :
Nombre del editor, distribuidor, etc. Consejo Superior de Investigaciones Científicas,
Fecha de publicación, distribución, etc. 1973.
300 ## - DESCRIPCIÓN FÍSICA
Extensión 100 p., [1] h. pleg. ;
Dimensiones 25 cm.
490 1# - MENCIÓN DE SERIE
Mención de serie Monografías de ciencia moderna ;
Designación de volumen o secuencia 81
650 14 - PUNTO DE ACCESO ADICIONAL DE MATERIA--TÉRMINO DE MATERIA
Término de materia o nombre geográfico como elemento de entrada Vermiculita.
9 (RLIN) 143545
700 1# - ENTRADA AGREGADA--NOMBRE PERSONAL
Nombre de persona Salvador Salvador, P.
9 (RLIN) 143544
710 2# - ENTRADA AGREGADA--NOMBRE DE ENTIDAD CORPORATIVA
Nombre de entidad corporativa o nombre de jurisdicción como elemento de entrada Consejo Superior de Investigaciones Científicas (España)
9 (RLIN) 3236
830 0# - PUNTO DE ACCESO ADICIONAL DE SERIE-TÍTULO UNIFORME
Título uniforme Monografías de ciencia moderna
Designación de volumen o secuencia 81
9 (RLIN) 189470
852 ## - LOCALIZACIÓN
Ubicación ES-MaACL
Número de control de estantería E-13345
Encuadernación Olim P-555 bis
Holdings
Estatus retirado Estado de pérdida Estado de daño No para préstamo Biblioteca de origen Biblioteca actual Ubicación en estantería Fecha de adquisición Fuente de adquisición Total de préstamos Signatura topográfica completa Código de barras Visto por última vez Precio de reemplazo Tipo de ítem Koha
        Biblioteca del Ateneo de Madrid Biblioteca del Ateneo de Madrid Depósito 2 11/10/2010     E-13345 1183929 23/02/2023 23/02/2023 Libro impreso